| 000 | 00830cam a22002413a 4500 | ||
|---|---|---|---|
| 001 | 5005 | ||
| 003 | PGUSA | ||
| 005 | 20140828083112.0 | ||
| 008 | 040925s2004||||xxu|||||s|||||000 | eng d | ||
| 040 |
_aPGUSA _beng |
||
| 042 | _adc | ||
| 050 | 4 | _aDU | |
| 100 | 1 |
_aLeichhardt, Ludwig, _d1813-1848 |
|
| 245 | 1 | 0 |
_aJournal of an Overland Expedition in Australia : _bFrom Moreton Bay to Port Essington, a distance of upwards of 3000 miles, during the years 1844-1845 _h[electronic resource] / _cLudwig Leichhardt |
| 260 |
_bProject Gutenberg, _c2004 |
||
| 506 | _aPublic domain in the USA. | ||
| 516 | _aElectronic text | ||
| 653 | _aAustralia -- Discovery and exploration | ||
| 653 | _aAustralia -- Description and travel | ||
| 830 | 0 |
_aProject Gutenberg _v5005 |
|
| 856 | 4 | 0 | _uhttp://www.gutenberg.org/ebooks/5005 |
| 942 | _cEB | ||
| 999 |
_c234334 _d234334 |
||